Professional Development of Teachers of Higher Education in Uttrakhand/ (Record no. 38550)
[ view plain ]
| 000 -LEADER | |
|---|---|
| fixed length control field | 00644nam a2200145 4500 |
| 082 ## - DEWEY DECIMAL CLASSIFICATION NUMBER | |
| Classification number | RR.0355 |
| 100 ## - MAIN ENTRY--AUTHOR NAME | |
| Personal name | Rout, Gyanendra Kumar |
| Affiliation | Government Degree College |
| Place | Pauri Garhwal, Uttarakhand |
| 245 ## - TITLE STATEMENT | |
| Title | Professional Development of Teachers of Higher Education in Uttrakhand/ |
| Statement of responsibility, etc | Gyanendra Kumar Rout |
| 260 ## - PUBLICATION, DISTRIBUTION, ETC. (IMPRINT) | |
| Place of publication | Pauri Garhwal, Uttarakhand: |
| Name of publisher/Sponsor | Indian Council of Social Science Research, |
| Year of publication | 2017 |
| 300 ## - PHYSICAL DESCRIPTION | |
| Number of Pages | xiv, 131p. |
| 500 ## - GENERAL NOTE | |
| General note | Included Bibliographical References and Appendices |
| 536 ## - FUNDING INFORMATION NOTE | |
| Funding Agency | Indian Council of Social Science Research |
| 650 ## - SUBJECT ADDED ENTRY--TOPICAL TERM | |
| Topical Term | Higher education |
| -- | Teachers |
| -- | Professional education |
| General subdivision | Education |
| Geographic subdivision | Uttarakhand |
| 942 ## - ADDED ENTRY ELEMENTS (KOHA) | |
| Source of classification or shelving scheme | Dewey Decimal Classification |
| Koha item type | Research Reports |
| Withdrawn status | Lost status | Damaged status | Not for loan | Collection code | Home library | Current library | Date acquired | Source of acquisition | Full call number | Accession Number | Price effective from | Koha item type |
|---|---|---|---|---|---|---|---|---|---|---|---|---|
| Not For Loan | Major Research Project Reports | NASSDOC Library | NASSDOC Library | 05/07/2023 | Research Report Division | RR.0355 | 53821 | 05/07/2023 | Research Reports |
